[Event "SRB-chT quality"]
[Site "Belgrade"]
[Date "2010.10.17"]
[Round "4"]
[White "Jocic, Slavoljub"]
[Black "Cvokic, Cvijo"]
[Result "1/2-1/2"]
[WhiteElo "2246"]
[BlackElo "2027"]
[PlyCount "118"]
[EventDate "2010.10.09"]
[EventType "team-tourn"]
[EventRounds "11"]
[EventCountry "YUG"]
[SourceTitle "EXT 2011"]
[Source "ChessBase"]
[SourceDate "2010.11.26"]
[SourceVersion "1"]
[SourceVersionDate "2010.11.26"]
[SourceQuality "1"]

1. d4 f5 2. Bg5 Nf6 3. Nc3 e6 4. e4 fxe4 5. Bxf6 Qxf6 6. Nxe4 Qh4 7. Bd3 d5 8. Ng3 Nc6 9. Nf3 Qh6 10. Qd2 Qxd2+ 11. Kxd2 Bd6 12. Rae1 Bf4+ 13. Kd1 0-0 14. c3 a6 15. Nh5 Bh6 16. Re2 g6 17. Ng3 Bf4 18. h4 Ne7 19. h5 Kg7 20. Rh4 Bd6 21. Ng5 h6 22. hxg6 Bxg3 23. fxg3 Nxg6 24. Nxe6+ Bxe6 25. Bxg6 Rf6 26. Bd3 Raf8 27. Kd2 Kf7 28. Rf4 Ke7 29. Ref2 Rxf4 30. gxf4 Kf6 31. f5 Bd7 32. g4 Rg8 33. Rh2 Rxg4 34. Rxh6+ Kg7 35. Rh5 Rg2+ 36. Ke3 Rg3+ 37. Ke2 Bb5 38. Bxb5 axb5 39. Kf2 Rd3 40. f6+ Kxf6 41. Rh7 Rd2+ 42. Ke3 Rxb2 43. Rxc7 b4 44. c4 dxc4 45. Rxc4 Ke6 46. Kd3 Kd6 47. Rc2 Rb1 48. Rc5 b3 49. axb3 Rxb3+ 50. Ke4 b6 51. Rh5 Rg3 52. Rh6+ Kc7 53. Kd5 Rg5+ 54. Ke6 Kc6 55. Rh1 Rg6+ 56. Ke5 Rg5+ 57. Ke6 Rg6+ 58. Ke5 Rg5+ 59. Ke4 Rg4+ 1/2-1/2

[Event "Belgrade-chT Quality"]
[Site "Belgrade"]
[Date "2008.11.09"]
[Round "8"]
[White "Lalic, Mile"]
[Black "Cvokic, Cvijo"]
[Result "1-0"]
[WhiteElo "2052"]
[BlackElo "2038"]
[PlyCount "93"]
[EventDate "2008.11.01"]
[EventType "team-swiss"]
[EventRounds "11"]
[EventCountry "YUG"]
[SourceTitle "CBM 127 Extra"]
[Source "ChessBase"]
[SourceDate "2009.01.08"]
[SourceVersion "2"]
[SourceVersionDate "2009.01.28"]
[SourceQuality "1"]

1. e4 c5 2. Nf3 Nc6 3. Bb5 a6 4. Bxc6 bxc6 5. 0-0 h6 6. d4 cxd4 7. Nxd4 e6 8. Nc3 Bb7 9. Re1 c5 10. Nde2 Bc6 11. f4 d6 12. f5 e5 13. Nd5 Rb8 14. Nec3 h5 15. Qe2 Ra8 16. a4 Ra7 17. Be3 Qc8 18. b4 Bxd5 19. Nxd5 Nf6 20. Nxf6+ gxf6 21. b5 h4 22. c4 Qb7 23. Qd3 a5 24. Red1 Ra8 25. Bf2 Qb6 26. Qd5 Rc8 27. Ra3 Qa7 28. Rh3 Qa8 29. Rxh4 Rxh4 30. Bxh4 Qxd5 31. Rxd5 Ke7 32. Be1 Ra8 33. Bd2 Kd7 34. h4 Bg7 35. Kf2 Rh8 36. g3 Ra8 37. Rd3 Kc7 38. g4 Bf8 39. g5 fxg5 40. hxg5 Be7 41. Rh3 Kb6 42. Rh7 Rg8 43. f6 Bd8 44. Rxf7 Rh8 45. Rd7 Rh2+ 46. Ke3 Rh8 47. Rxd8 1-0

[Event "Belgrade-chT Quality"]
[Site "Belgrade"]
[Date "2008.11.04"]
[Round "4"]
[White "Radovanovic, Zoran"]
[Black "Cvokic, Cvijo"]
[Result "0-1"]
[WhiteElo "2091"]
[BlackElo "2038"]
[PlyCount "70"]
[EventDate "2008.11.01"]
[EventType "team-swiss"]
[EventRounds "11"]
[EventCountry "YUG"]
[SourceTitle "CBM 127 Extra"]
[Source "ChessBase"]
[SourceDate "2009.01.08"]
[SourceVersion "2"]
[SourceVersionDate "2009.01.28"]
[SourceQuality "1"]

1. c4 f5 2. d4 Nf6 3. Nc3 d5 4. e3 e6 5. Nf3 a6 6. Ne5 Bd6 7. cxd5 exd5 8. f4 c6 9. Bd3 g6 10. 0-0 Qe7 11. Na4 Nbd7 12. Bd2 0-0 13. Qe1 Rb8 14. Rc1 c5 15. a3 c4 16. Bb1 Ne8 17. Rf3 Ndf6 18. Rg3 Nh5 19. Rh3 Neg7 20. Ba2 Be6 21. Nc5 Bc8 22. Qe2 Bxe5 23. fxe5 f4 24. Rxh5 Nxh5 25. e4 b6 26. Na4 b5 27. Nc5 Qh4 28. exd5 Bg4 29. Qf2 Ng3 30. Re1 Bh5 31. Ne6 g5 32. Nxf8 Rxf8 33. e6 Rf6 34. d6 Be8 35. d7 Qxh2+ 0-1